| 000 | 00715nam a22001937a 4500 | ||
|---|---|---|---|
| 999 |
_c176310 _d176310 |
||
| 005 | 20201230151231.0 | ||
| 010 | _aUR-10963 | ||
| 020 |
_c100.00 _a9789390100101 |
||
| 035 | _aU-9518 | ||
| 037 | _bDBAD/PUB | ||
| 082 | _a808.882 | ||
| 100 | _aمنا ظر عا شق ہر گا نو ی | ||
| 245 |
_aکر و نا و ا ير س : لطيفے _cمنا ظر عا شق ہر گا نو ی |
||
| 246 |
_bCorona Virus:Latife (Urdu) _aby Manazir Ashiqu Harganvi |
||
| 260 |
_aN.Delhi _bEducational Publishing House _c2020ء |
||
| 270 |
_aH.O.D1/16,Ansari Road,Darya ganj, _bN.Delhi _e110002 _k45678285,23216162 _l0091-11-23211540 |
||
| 300 |
_a80 ص _c22 Cm(Hb) |
||
| 942 |
_2ddc _cUR _h808.882 _mم ن ا |
||